[Event "Bosnjaci op 11th"]
[Site "Bosnjaci"]
[Date "2005.01.09"]
[Round "9"]
[White "Leventic, Ivan"]
[Black "Zelcic, Robert"]
[Result "1-0"]
[WhiteElo "2502"]
[BlackElo "2531"]
[PlyCount "77"]
[EventDate "2005.01.03"]
[EventType "swiss"]
[EventRounds "9"]
[EventCountry "CRO"]
[Source "ChessBase"]
[SourceDate "2005.03.03"]

1. e4 c6 2. Nf3 d5 3. Nc3 Bg4 4. h3 Bxf3 5. Qxf3 e6 6. g3 Nd7 7. d4 Bb4 8. Bg2
Ne7 9. O-O O-O 10. a3 Bxc3 11. Qxc3 dxe4 12. Bxe4 Nf6 13. Bg2 Nf5 14. Rd1 e5
15. Be3 e4 16. Bg5 Re8 17. Qc5 Qd5 18. Bxf6 gxf6 19. c4 Qe6 20. Re1 Nd6 21. b3
f5 22. Rad1 b5 23. d5 cxd5 24. Rxd5 Rad8 25. Red1 Nb7 26. Qxb5 Rxd5 27. cxd5
Nd6 28. dxe6 Nxb5 29. Rd5 Nxa3 30. exf7+ Kxf7 31. Rxf5+ Kg8 32. Ra5 Nc2 33.
Rxa7 e3 34. fxe3 Rxe3 35. Kf2 Rd3 36. Be4 Rd2+ 37. Kf3 Ne1+ 38. Kf4 h6 39. Ra1
1-0

[Event "GRE-chT 34th"]
[Site "Ermioni Argolidas"]
[Date "2005.07.11"]
[Round "9"]
[White "Navara, David"]
[Black "Izoria, Zviad"]
[Result "0-1"]
[WhiteElo "2663"]
[BlackElo "2606"]
[PlyCount "86"]
[EventDate "2005.07.04"]
[EventType "team"]
[EventRounds "9"]
[EventCountry "GRE"]
[Source "ChessBase"]
[SourceDate "2005.09.02"]

1. e4 c6 2. Nf3 d5 3. exd5 cxd5 4. Ne5 Nf6 5. d4 Nc6 6. Bb5 Bd7 7. Nxd7 Qxd7 8.
c3 e6 9. Nd2 Bd6 10. Nf3 O-O 11. O-O Ne4 12. Re1 f5 13. c4 a6 14. cxd5 axb5 15.
dxc6 Qxc6 16. Ng5 Nxg5 17. Bxg5 Qd5 18. Bd2 Ra6 19. Qe2 b4 20. Kf1 Re8 21. Qd3
Rea8 22. Re3 Rxa2 23. Rxa2 Rxa2 24. Qb3 Qb5+ 25. Kg1 Ra1+ 26. Be1 Qd5 27. Qxd5
exd5 28. Kf1 Kf7 29. Ke2 Rc1 30. Bd2 Rc2 31. Rf3 Rxb2 32. Rxf5+ Ke6 33. Rf3 b3
34. Kd3 Rb1 35. Re3+ Kd7 36. Re1 Rxe1 37. Bxe1 Kc6 38. h4 Kb5 39. Bd2 Ka4 40.
Bc1 Ba3 41. Bg5 h6 42. Bf4 Be7 43. h5 Ka3 0-1

[Event "Ilyumzhinov Cup"]
[Site "Internet"]
[Date "2006.05.06"]
[Round "?"]
[White "Kokarev, Dmitry"]
[Black "Arutinian, David"]
[Result "1-0"]
[WhiteElo "2536"]
[BlackElo "2532"]
[PlyCount "143"]
[EventDate "2006.05.06"]
[EventType "swiss (blitz)"]
[EventRounds "13"]
[EventCountry "RUS"]
[Source "ChessBase"]
[SourceDate "2006.07.14"]

1. e4 c6 2. Nf3 d5 3. Nc3 a6 4. d3 d4 5. Ne2 c5 6. g3 Nc6 7. Bg2 g6 8. O-O Bg7
9. Nd2 Nf6 10. h3 O-O 11. f4 e6 12. a4 Rb8 13. e5 Nd5 14. Nc4 Nce7 15. g4 b5
16. axb5 axb5 17. Nd6 Bd7 18. Bd2 Ra8 19. Kh1 Rxa1 20. Qxa1 Qa8 21. Ng3 c4 22.
Nge4 Bc6 23. Kh2 h6 24. h4 Ne3 25. Bxe3 dxe3 26. Qc1 Nd5 27. g5 h5 28. Kg3 Rd8
29. Re1 Qa2 30. Qb1 Qa5 31. dxc4 bxc4 32. Nxc4 Qb4 33. b3 Bb5 34. Ned6 Bxc4 35.
bxc4 Qd2 36. cxd5 Qf2+ 37. Kh3 Qxf4 38. Rf1 Qg4+ 39. Kh2 Bxe5+ 40. Kg1 Rxd6 41.
Qb8+ Kg7 42. dxe6 Rxe6 43. Qb7 Bf4 44. Qf3 e2 45. Re1 Qxh4 46. Rxe2 Rxe2 47.
Qxe2 Qxg5 48. Qd3 Be3+ 49. Kf1 Qf4+ 50. Ke1 Qf2+ 51. Kd1 Qg1+ 52. Bf1 Qf2 53.
Qe2 Qf4 54. Qd3 Bd4 55. c4 Qf2 56. Qe2 Qxe2+ 57. Bxe2 Bc5 58. Kc2 f5 59. Kd3
Kf6 60. Bf1 Ke5 61. Ke2 h4 62. Bg2 g5 63. Bc6 g4 64. Bd7 Kf4 65. Bc6 Kg5 66.
Kf1 f4 67. Kg2 h3+ 68. Kh2 Kh4 69. Kh1 f3 70. Bd5 f2 71. Bg2 g3 72. Bf1 1-0

[Event "RUS-ch 1st League 59th"]
[Site "Tomsk"]
[Date "2006.09.03"]
[Round "1"]
[White "Andreikin, Dmitry"]
[Black "Belov, Vladimir"]
[Result "1/2-1/2"]
[WhiteElo "2503"]
[BlackElo "2598"]
[PlyCount "100"]
[EventDate "2006.09.03"]
[EventType "swiss"]
[EventRounds "9"]
[EventCountry "RUS"]
[Source "ChessBase"]
[SourceDate "2006.11.01"]

1. e4 c6 2. Nf3 d5 3. Nc3 Bg4 4. h3 Bxf3 5. Qxf3 e6 6. d4 dxe4 7. Nxe4 Qxd4 8.
Bd3 Nd7 9. c3 Qd5 10. Bc2 Ne5 11. Qe2 Qc4 12. f4 Qxe2+ 13. Kxe2 Nd7 14. Be3
Ngf6 15. Nxf6+ Nxf6 16. f5 exf5 17. Bxf5 g6 18. Bc2 Nd5 19. Bb3 Nxe3 20. Kxe3
Rd8 21. Rad1 Bd6 22. g4 O-O 23. Kf3 Kg7 24. Bc2 Bc5 25. Bb3 f5 26. Rxd8 fxg4+
27. Kxg4 h5+ 28. Kg3 Rxd8 29. Rd1 Bd6+ 30. Kg2 Kf6 31. h4 g5 32. hxg5+ Kxg5 33.
Kh3 h4 34. Rd4 Be7 35. Rxd8 Bxd8 36. a4 Kf4 37. Be6 Ke3 38. b3 Kd3 39. Kg2 Kxc3
40. Kh1 Bc7 41. Bf7 Kb4 42. Bg8 h3 43. Be6 a6 44. Bf7 b5 45. axb5 axb5 46. Bg8
Kc3 47. Be6 c5 48. Bf7 Bf4 49. Bg8 Kd4 50. Be6 c4 1/2-1/2

[Event "6th ch-Asia"]
[Site "Cebu City PHI"]
[Date "2007.09.23"]
[Round "5"]
[White "Yu Shaoteng"]
[Black "Adianto, U."]
[Result "1/2-1/2"]
[WhiteElo "2524"]
[BlackElo "2583"]
[PlyCount "25"]
[EventDate "2007.09.19"]
[SourceDate "1999.07.01"]

1. e4 c6 2. Nf3 d5 3. exd5 cxd5 4. Ne5 Nf6 5. d4 g6 6. Bb5+ Nbd7 7. O-O Bg7 8.
Re1 O-O 9. Nc3 a6 10. Bf1 e6 11. Nd3 b6 12. Ne2 Bb7 13. c3 1/2-1/2

[Event "17th Open"]
[Site "Kavala GRE"]
[Date "2008.08.03"]
[Round "5"]
[White "Orlov, And"]
[Black "Gelashvili, T."]
[Result "1-0"]
[WhiteElo "2501"]
[BlackElo "2612"]
[PlyCount "89"]
[EventDate "2008.07.31"]
[SourceDate "1999.07.01"]

1. e4 c6 2. Nf3 d5 3. exd5 cxd5 4. Ne5 Nf6 5. Bb5+ Bd7 6. Nxd7 Nbxd7 7. O-O a6
8. Be2 e6 9. d4 Qb6 10. c3 Bd6 11. Nd2 O-O 12. a4 Qc6 13. a5 Qc7 14. g3 Rae8
15. Bf3 e5 16. dxe5 Nxe5 17. Bg2 Bc5 18. Nb3 Ba7 19. Bf4 Qc4 20. Nc1 Qb5 21.
Qa4 Qc6 22. Qxc6 bxc6 23. Bxe5 Rxe5 24. Nd3 Re2 25. Bf3 Rc2 26. Rac1 Rxc1 27.
Rxc1 Nd7 28. Nb4 Nb8 29. Be2 Re8 30. Bf1 Kf8 31. Nxa6 Nxa6 32. Bxa6 Ke7 33. Bd3
Kd6 34. c4 Rb8 35. cxd5 cxd5 36. Rc2 Rb3 37. Be2 d4 38. Bc4 Rf3 39. Kg2 Rf5 40.
b4 h5 41. Bd3 Re5 42. Rc8 Re7 43. b5 Bc5 44. b6 h4 45. gxh4 1-0

[Event "17th Open"]
[Site "Kavala GRE"]
[Date "2008.08.07"]
[Round "9"]
[White "Orlov, And"]
[Black "Deviatkin, A."]
[Result "1-0"]
[WhiteElo "2501"]
[BlackElo "2567"]
[PlyCount "105"]
[EventDate "2008.07.31"]
[SourceDate "1999.07.01"]

1. e4 c6 2. Nf3 d5 3. Nc3 Bg4 4. h3 Bh5 5. exd5 cxd5 6. Bb5+ Nc6 7. g4 Bg6 8.
Ne5 Rc8 9. d4 e6 10. h4 f6 11. Nxg6 hxg6 12. Qd3 Kf7 13. a3 a6 14. Bxc6 Rxc6
15. Bf4 Bd6 16. Bxd6 Qxd6 17. Ne2 Ne7 18. c3 b5 19. Qf3 a5 20. Kf1 Kg8 21. Rd1
e5 22. Qd3 Rc4 23. f3 a4 24. Kf2 Kf7 25. h5 g5 26. Ng3 Qe6 27. Rde1 e4 28. fxe4
Qxg4 29. exd5 Qf4+ 30. Kg1 Rcc8 31. Rh2 Rh6 32. Rf2 Qg4 33. Re4 Qd7 34. Rxe7+
Kxe7 35. Nf5+ Kd8 36. Qe4 Qe7 37. Nxh6 gxh6 38. Qg6 b4 39. cxb4 Rc1+ 40. Kg2
Kc7 41. Qxf6 Qe4+ 42. Qf3 Qxf3+ 43. Rxf3 Rc2+ 44. Rf2 Rc4 45. Rf6 Rc2+ 46. Kg3
Rxb2 47. Rxh6 Rb3+ 48. Kg4 Rxa3 49. Ra6 Rd3 50. h6 Rxd4+ 51. Kh5 Rxb4 52. h7
Rh4+ 53. Kxg5 1-0

[Event "58th ch-GRE"]
[Site "Rhodes GRE"]
[Date "2008.12.01"]
[Round "2"]
[White "Nikolaidis, I."]
[Black "Papaioannou, I."]
[Result "1/2-1/2"]
[WhiteElo "2529"]
[BlackElo "2597"]
[PlyCount "28"]
[EventDate "2008.11.30"]
[SourceDate "1999.07.01"]

1. e4 c6 2. Nf3 d5 3. Nc3 Bg4 4. Be2 e6 5. O-O Nf6 6. e5 Nfd7 7. d4 Be7 8. Ne1
Bxe2 9. Nxe2 O-O 10. Nd3 c5 11. c3 Nc6 12. Be3 cxd4 13. cxd4 Rc8 14. Qd2 Qa5
1/2-1/2

[Event "FSGM December"]
[Site "Budapest HUN"]
[Date "2008.12.09"]
[Round "4"]
[White "Kosic, D."]
[Black "Prohaszka, P2."]
[Result "1/2-1/2"]
[WhiteElo "2511"]
[BlackElo "2502"]
[PlyCount "29"]
[EventDate "2008.12.06"]
[SourceDate "1999.07.01"]

1. e4 c6 2. Nf3 d5 3. Nc3 Bg4 4. h3 Bxf3 5. Qxf3 e6 6. g3 Nd7 7. Bg2 Bc5 8. O-O
Ne7 9. d3 O-O 10. Qe2 Qc7 11. Kh1 Rae8 12. f4 a5 13. Bd2 f5 14. Rae1 Kh8 15. a3
1/2-1/2

[Event "8th Amplico AIG Life Rapid"]
[Site "Warsaw POL"]
[Date "2008.12.20"]
[Round "5"]
[White "Popov, Val"]
[Black "Fridman, D2."]
[Result "1-0"]
[WhiteElo "2542"]
[BlackElo "2630"]
[PlyCount "113"]
[EventDate "2008.12.20"]
[SourceDate "1999.07.01"]

1. e4 c6 2. Nf3 d5 3. Nc3 Bg4 4. h3 Bxf3 5. Qxf3 e6 6. Be2 Nf6 7. O-O Nbd7 8.
d4 dxe4 9. Nxe4 Nxe4 10. Qxe4 Nf6 11. Qd3 Be7 12. Rd1 O-O 13. c4 Qc7 14. Be3
Rad8 15. Qb3 Bd6 16. Bf3 Rd7 17. d5 exd5 18. Bxa7 dxc4 19. Qxc4 Qa5 20. Bd4 Be5
21. Bxe5 Qxe5 22. Rxd7 Nxd7 23. Rd1 Nc5 24. Qb4 Re8 25. Qb6 Qe7 26. g3 g6 27.
h4 Kg7 28. Kg2 Ra8 29. a3 Ne6 30. Bg4 Nf8 31. Qb3 h5 32. Bf3 Ra5 33. Rd3 Rb5
34. Qc2 Qf6 35. Rb3 Rxb3 36. Qxb3 Qe7 37. Qc3+ Kg8 38. b4 Nd7 39. b5 cxb5 40.
Bxb7 Ne5 41. Bd5 Qd6 42. Qc8+ Kg7 43. Qb7 Kh6 44. Qxb5 f5 45. a4 Ng4 46. Bf3
Ne5 47. Qd5 Qf6 48. Qd4 Qe6 49. Qe3+ Kg7 50. a5 Qd6 51. Qa7+ Kf6 52. Qb6 Qxb6
53. axb6 Nd7 54. b7 Ke5 55. Bc6 Nb8 56. Be8 Kf6 57. f4 1-0

[Event "Open A"]
[Site "Moscow RUS"]
[Date "2009.02.08"]
[Round "9"]
[White "Andreikin, D."]
[Black "Riazantsev, A."]
[Result "1/2-1/2"]
[WhiteElo "2614"]
[BlackElo "2634"]
[PlyCount "27"]
[EventDate "2009.01.31"]
[SourceDate "1999.07.01"]

1. e4 c6 2. Nf3 d5 3. Nc3 Bg4 4. Be2 e6 5. d4 Nf6 6. e5 Nfd7 7. Ng5 Bxe2 8.
Qxe2 Be7 9. Qh5 Bxg5 10. Bxg5 Qb6 11. O-O-O Nf8 12. g4 h6 13. Be3 Rh7 14. Qh4
1/2-1/2

[Event "Piterenka Rapid 2012"]
[Site "Moscow RUS"]
[Date "2012.12.29"]
[Round "2"]
[White "Nepomniachtchi, I."]
[Black "Grischuk, A."]
[Result "0-1"]
[WhiteElo "2707"]
[BlackElo "2764"]
[PlyCount "85"]
[EventDate "2012.12.29"]
[SourceDate "1999.07.01"]

1. e4 c6 2. Nf3 d5 3. Nc3 Bg4 4. h3 Bxf3 5. Qxf3 e6 6. d4 dxe4 7. Qxe4 Nf6 8.
Qh4 Nbd7 9. Bd3 g6 10. O-O Bg7 11. Bg5 h6 12. Be3 Nd5 13. Qxd8+ Rxd8 14. Nxd5
cxd5 15. a4 Nb8 16. c3 Nc6 17. b4 Rc8 18. a5 h5 19. a6 b6 20. Bb5 Kd8 21. g4
Ne7 22. Rac1 hxg4 23. hxg4 Rh4 24. Be2 Kd7 25. Kg2 Rch8 26. Bb5+ Kd6 27. Kf3
Bh6 28. g5 Bg7 29. Bf4+ e5 30. Bg3 Rh3 31. Bd3 Nf5 32. Bxf5 gxf5 33. c4 f4 34.
Rcd1 fxg3 35. dxe5+ Bxe5 36. Rxd5+ Ke6 37. Ke4 R8h4+ 38. f4 Rxf4+ 39. Rxf4 Bxf4
40. g6 g2 41. gxf7 Kxf7 42. Rd7+ Kf6 43. Kd4 0-1

[Event "Piterenka Blitz 2012"]
[Site "Moscow RUS"]
[Date "2012.12.29"]
[Round "2"]
[White "Nepomniachtchi, I."]
[Black "Grischuk, A."]
[Result "1-0"]
[WhiteElo "2707"]
[BlackElo "2764"]
[PlyCount "63"]
[EventDate "2012.12.29"]
[SourceDate "1999.07.01"]

1. e4 c6 2. Nf3 d5 3. Nc3 Bg4 4. h3 Bxf3 5. Qxf3 e6 6. d4 dxe4 7. Qxe4 Nf6 8.
Qh4 Nbd7 9. Bd3 g6 10. O-O Bg7 11. Ne2 Nd5 12. Qg3 Nb4 13. Bg5 Nf6 14. Rad1
Nxd3 15. Qxd3 O-O 16. c4 Qa5 17. Bd2 Qa6 18. b3 Rfd8 19. Qc2 Ne8 20. Bf4 Qa5
21. Rd3 Rd7 22. Bd2 Qb6 23. Rd1 Rad8 24. Bg5 Rc8 25. Qd2 Qa6 26. Ng3 Nd6 27.
Bf4 Rcd8 28. Bg5 Rc8 29. Bh6 Rcd8 30. Bxg7 Kxg7 31. Qe2 Qa5 32. Qe5+ 1-0

[Event "Friendly Rapid Match"]
[Site "Moscow RUS"]
[Date "2012.11.05"]
[Round "1"]
[White "Nepomniachtchi, I."]
[Black "Andreikin, D."]
[Result "1-0"]
[WhiteElo "2707"]
[BlackElo "2723"]
[PlyCount "93"]
[EventDate "2012.11.05"]
[SourceDate "1999.07.01"]

1. e4 c6 2. Nf3 d5 3. Nc3 dxe4 4. Nxe4 Nf6 5. Qe2 Bg4 6. h3 Bxf3 7. Nxf6+ gxf6
8. Qxf3 e6 9. c3 Qd5 10. Qxf6 Qe4+ 11. Kd1 Rg8 12. d3 Qd5 13. Qh4 Nd7 14. Kc2
Be7 15. Qe4 Qxe4 16. dxe4 Bc5 17. f3 Ne5 18. f4 Ng6 19. g4 O-O-O 20. Be2 Nh4
21. b4 Bb6 22. a4 Ng2 23. Bf3 Nh4 24. Rf1 f5 25. a5 Bc7 26. Be2 Rde8 27. e5 a6
28. Be3 Ref8 29. Rg1 Bd8 30. g5 Rh8 31. Rad1 Ng6 32. Bc4 Re8 33. Rd6 Nf8 34. h4
Bc7 35. Rd2 Rg8 36. h5 Rg7 37. Rdg2 Bd8 38. Kb3 Be7 39. g6 hxg6 40. Rxg6 Nxg6
41. Bxe6+ Kb8 42. hxg6 Bc5 43. Bxc5 Rxe6 44. Rg5 Rexg6 45. Rxf5 Rg8 46. Rf7 Re6
47. f5 1-0

[Event "21st TCh-CRO 1a 2012"]
[Site "Sibenik CRO"]
[Date "2012.09.28"]
[Round "6.32"]
[White "Filippov, An UZB"]
[Black "Roiz, M."]
[Result "1/2-1/2"]
[WhiteElo "2617"]
[BlackElo "2618"]
[PlyCount "70"]
[EventDate "2012.09.23"]
[SourceDate "1999.07.01"]
[WhiteTeam "SK Rijeka, Rijeka"]
[BlackTeam "SK Djakovo MDProfil, Djakovo"]

1. e4 c6 2. Nf3 d5 3. Nc3 dxe4 4. Nxe4 Nf6 5. Nxf6+ exf6 6. Bc4 Bd6 7. Qe2+ Qe7
8. Qxe7+ Kxe7 9. O-O Be6 10. Re1 Kd7 11. Be2 Re8 12. b3 Kc7 13. Bb2 Nd7 14. a3
Bf5 15. d3 a5 16. Bf1 h5 17. Rxe8 Rxe8 18. Bc3 Ra8 19. Be2 Be6 20. Nd2 h4 21.
Nc4 Bxc4 22. bxc4 b6 23. g3 Re8 24. Kf1 hxg3 25. hxg3 g6 26. d4 c5 27. Bf3 cxd4
28. Bxd4 f5 29. Bd5 Re7 30. a4 f4 31. g4 f6 32. Re1 Rxe1+ 33. Kxe1 Be5 34. c3
g5 35. Kd2 Nc5 1/2-1/2

[Event "40th Olympiad Open"]
[Site "Istanbul TUR"]
[Date "2012.08.29"]
[Round "2.12"]
[White "Solak, D."]
[Black "Laznicka, V."]
[Result "1/2-1/2"]
[WhiteElo "2599"]
[BlackElo "2683"]
[PlyCount "60"]
[EventDate "2012.08.28"]
[SourceDate "1999.07.01"]
[WhiteTeam "Turkey"]
[BlackTeam "Czech Republic"]
[WhiteTeamCountry "GAB"]
[BlackTeamCountry "GER"]

1. e4 c6 2. Nf3 d5 3. Nc3 Bg4 4. h3 Bxf3 5. Qxf3 e6 6. Be2 Nf6 7. O-O Nbd7 8.
d4 dxe4 9. Nxe4 Nxe4 10. Qxe4 Nf6 11. Qd3 Be7 12. Bf4 O-O 13. Rad1 Nd5 14. Bc1
b5 15. Bf3 Rc8 16. c3 Qa5 17. Qb1 Rfd8 18. g3 Rd7 19. Kg2 Rcd8 20. h4 Qb6 21.
Qc2 Bf6 22. a3 a5 23. Be4 h5 24. Qe2 g6 25. Qf3 Kg7 26. Rfe1 Qc7 27. Rd2 Qd6
28. Rde2 c5 29. dxc5 Qxc5 30. Bc2 Rd6 1/2-1/2

[Event "81st ch-UKR 2012"]
[Site "Kiev UKR"]
[Date "2012.07.28"]
[Round "2.1"]
[White "Fedorchuk, S."]
[Black "Eljanov, P."]
[Result "0-1"]
[WhiteElo "2634"]
[BlackElo "2693"]
[PlyCount "68"]
[EventDate "2012.07.27"]
[SourceDate "1999.07.01"]

1. e4 c6 2. Nf3 d5 3. Nc3 Nf6 4. e5 Ne4 5. Be2 Nxc3 6. bxc3 c5 7. O-O Nc6 8.
Re1 e6 9. a4 Be7 10. d4 c4 11. Qd2 Bd7 12. Ng5 Qa5 13. Nh3 O-O-O 14. Ba3 Bxa3
15. Rxa3 f6 16. exf6 gxf6 17. Nf4 e5 18. Nh5 Rhf8 19. Rd1 Kb8 20. Raa1 Bf5 21.
Ng7 Bc8 22. Nh5 Bf5 23. Ng7 Bc8 24. Nh5 Rf7 25. Rab1 a6 26. Bf3 Bf5 27. Rb2
Nxd4 28. Rdb1 Nxf3+ 29. gxf3 d4 30. Rb4 Qd5 31. Qd1 d3 32. cxd3 Bxd3 33. R1b2
Rg8+ 34. Ng3 f5 0-1